| Поле | Инд. | ПП | Название | Значение |
|---|---|---|---|---|
| Тип записи | a | |||
| Библиографический уровень | m | |||
| 001 | Контрольный номер | RU/IS/BASE/248356892 | ||
| 005 | Дата корректировки | 20240709121530.0 | ||
| 008 | Кодируемые данные | 20071114 | ||
| 020 | a | ISBN | 5-94879-168-8 | |
| 040 | b | Код языка каталог. | rus | |
| e | Правила каталог. | PSBO | ||
| 041 | 0_ | a | Код языка текста | rus |
| 084 | a | Индекс другой классификации/Индекс ББК | 67.409я7; 67.409.0я7; 67.409.1я7 | |
| 090 | a | Полочн. индекс | 67.409я7 | |
| x | Авторский знак | З-91 | ||
| 100 | 1_ | a | Автор | Зубарев С. М. |
| q | Полное имя | Зубарев Сергей Михайлович | ||
| 245 | 10 | a | Заглавие | Уголовно-исполнительное право |
| b | Продолж. заглавия | пособие для сдачи экзамена | ||
| 260 | a | Место издания | Москва | |
| b | Издательство | Юрайт | ||
| c | Дата издания | 2004 | ||
| 300 | a | Объем | 223 с. | |
| 336 | a | Термин вида содержания | Текст | |
| 337 | a | Термин типа средства | непосредственный | |
| 440 | _0 | a | Серия | Хочу все сдать! |
| 504 | a | Библиография | Учеб. осн. норм. источ. и лит.: с. 223 | |
| 521 | 0_ | a | Примеч. о целев. назн. | студенты |
| 650 | 04 | a | Основная рубрика | право |
| a | Основная рубрика | уголовно-исполнительное право | ||
| 653 | 0_ | a | Ключевые слова | арест |
| a | Ключевые слова | воспитательная работа | ||
| a | Ключевые слова | дисциплинарная воинская часть | ||
| a | Ключевые слова | исполнение наказаний | ||
| a | Ключевые слова | исполнение уголовных наказаний | ||
| a | Ключевые слова | исправительные работы | ||
| a | Ключевые слова | исправление осужденных | ||
| a | Ключевые слова | меры поощрения | ||
| a | Ключевые слова | наказание | ||
| a | Ключевые слова | нормы уголовно-исполнительного права | ||
| a | Ключевые слова | обеспечение жизнедеятельности | ||
| a | Ключевые слова | обязательные работы | ||
| a | Ключевые слова | ограничение свободы | ||
| a | Ключевые слова | организация труда осужденных | ||
| a | Ключевые слова | освобождение от наказания | ||
| a | Ключевые слова | осужденные | ||
| a | Ключевые слова | осужденные военнослужащие | ||
| a | Ключевые слова | помилование | ||
| a | Ключевые слова | правовое положение осужденных | ||
| a | Ключевые слова | режим в исправительных учреждениях | ||
| a | Ключевые слова | Российская Федерация | ||
| a | Ключевые слова | Россия | ||
| a | Ключевые слова | смертная казнь | ||
| a | Ключевые слова | уголовно-исполнительная политика | ||
| a | Ключевые слова | уголовно-исполнительное законодательство | ||
| a | Ключевые слова | уголовно-исполнительные правоотношения | ||
| a | Ключевые слова | уголовно-исправительные учреждения | ||
| a | Ключевые слова | уголовное наказание | ||
| a | Ключевые слова | штраф | ||
| 655 | a | Жанр/ форма (устаревшее) | учебное пособие | |
| 901 | t | Тип документа | m | |
| 952 | a | Тип литературы для КСУ ВШ | УИ |